Теоретические и прикладные вопросы математики: тезисы докладов конференции, Тарту, 26-27 сентября 1985 г.; Ч. 2

Bibliographische Detailangaben
Körperschaften: Тартуский университет (ТУ), Теоретические и прикладные вопросы математики II
Sprache:Russisch
Veröffentlicht: Тарту, [Б. и.], 1985
Schlagworte:
Format: MixedMaterials Buch
KOHA link:https://koha.lib.tpu.ru/cgi-bin/koha/opac-detail.pl?biblionumber=281303

MARC

LEADER 00000nam0a2200000 4500
001 281303
005 20231101235405.0
035 |a (RuTPU)RU\TPU\book\304995 
035 |a RU\TPU\book\304993 
090 |a 281303 
100 |a 20150121d1985 k y0rusy50 ca 
101 0 |a rus 
102 |a EE 
105 |a y z 101zy 
200 1 |a Теоретические и прикладные вопросы математики  |e тезисы докладов конференции, Тарту, 26-27 сентября 1985 г.  |f Тартуский университет (ТУ)  |h Ч. 2 
210 |a Тарту  |c [Б. и.]  |d 1985 
215 |a 190 с. 
320 |a Библиография в конце статей 
606 1 |a Математика  |2 stltpush  |3 (RuTPU)RU\TPU\subj\67327  |9 83171 
610 1 |a вычислительная математика 
610 1 |a теория вероятностей 
610 1 |a математическая статистика 
610 1 |a программирование 
610 1 |a методика преподавания 
610 1 |a конференции 
675 |a 51(063)  |v 3 
712 0 2 |a Тартуский университет (ТУ)  |2 stltpush  |3 (RuTPU)RU\TPU\col\8428 
712 1 2 |a Теоретические и прикладные вопросы математики II  |c конференция  |e Тарту  |f 1985 
801 1 |a RU  |b 63413507  |c 20150121 
801 2 |a RU  |b 63413507  |c 20190610  |g RCR 
942 |c BK